|
|
|
|
| LEADER |
00000nab a2200000 a 4500 |
| 001 |
vtls000086609 |
| 003 |
SK-MaSNL |
| 005 |
20260303171345.0 |
| 008 |
111031c1980 xo 0 slo |
| 015 |
|
|
|a SNBRA19rr/mm-uuuuu
|
| 035 |
|
|
|a CL0096712
|
| 040 |
|
|
|a SNKBUCL
|b slo
|c SNKBUCL
|e AACR2
|
| 041 |
0 |
|
|a slo
|
| 044 |
|
|
|a xo
|c SK
|
| 080 |
|
|
|a 737
|2 1981
|
| 080 |
|
|
|a 903
|2 1981
|
| 100 |
1 |
|
|a Kraskovská, Ľudmila,
|d 1904-1999
|4 aut
|9 15292
|
| 245 |
1 |
0 |
|a Rímske mince zo Stupavy
|c Ľudmila Kraskovská
|
| 300 |
|
|
|b Res. rus., nem.
|
| 650 |
0 |
7 |
|a mince
|2 snkbucl
|9 2305
|
| 651 |
|
7 |
|a 5201
|2 snkbucl
|9 277970
|
| 651 |
|
7 |
|a Stupava (Slovensko)
|2 snkbucl
|9 24904
|
| 655 |
|
7 |
|a články zo zborníkov
|2 snkbucl
|9 166140
|
| 773 |
0 |
|
|t Slovenská numizmatika 6
|d Bratislava : Veda, 1980
|g S. 113-120
|
| 850 |
|
|
|a Slovenská národná knižnica v Martine
|a MTA001
|
| 852 |
|
|
|a SNK
|b KIS3GCP
|
| 958 |
|
|
|a RK
|
| 992 |
|
|
|a RZB
|
| 999 |
|
|
|c 2080934
|d 2082864
|